Psychological climate as an antecedent of job satisfaction and job involvement (Record no. 90804)

000 -LEADER
fixed length control field 00431pab a2200157 454500
008 - FIXED-LENGTH DATA ELEMENTS--GENERAL INFORMATION
fixed length control field 180718b2011 xxu||||| |||| 00| 0 eng d
100 ## - MAIN ENTRY--PERSONAL NAME
Personal name Biswas, Soumendu
245 ## - TITLE STATEMENT
Title Psychological climate as an antecedent of job satisfaction and job involvement
260 ## - PUBLICATION, DISTRIBUTION, ETC.
Date of publication, distribution, etc. 2011
300 ## - PHYSICAL DESCRIPTION
Extent p.465-477.
362 ## - DATES OF PUBLICATION AND/OR SEQUENTIAL DESIGNATION
Dates of publication and/or sequential designation Jan
650 ## - SUBJECT ADDED ENTRY--TOPICAL TERM
Topical term or geographic name entry element Job satisfaction
773 ## - HOST ITEM ENTRY
Main entry heading Indian Journal of Industrial Relations
908 ## - PUT COMMAND PARAMETER (RLIN)
Put command parameter N
909 ## -
-- 90804
Holdings
Withdrawn status Lost status Damaged status Not for loan Permanent Location Current Location Date acquired Serial Enumeration / chronology Barcode Date last seen Price effective from Koha item type
        Indian Institute of Public Administration Indian Institute of Public Administration 2018-07-19 Volume no: 46, Issue no: 3 AR91264 2018-07-19 2018-07-19 Articles

Powered by Koha